Tài liệu tham khảo phức chất : (Tiếng Anh)
A complex is a compound consisting of a central metral ion to which a number of molecules or ions, the so called ligands, are bound,...
Gorde:
| Formatua: | Liburua |
|---|---|
| Hizkuntza: | Undetermined |
| Argitaratua: |
Cần Thơ
Đại học Cần Thơ
2008
|
| Gaiak: | |
| Etiketak: |
Etiketa erantsi
Etiketarik gabe, Izan zaitez lehena erregistro honi etiketa jartzen!
|
| Thư viện lưu trữ: | Trung tâm Học liệu Trường Đại học Cần Thơ |
|---|
| LEADER | 00667nam a2200181Ia 4500 | ||
|---|---|---|---|
| 001 | CTU_161005 | ||
| 008 | 210402s9999 xx 000 0 und d | ||
| 082 | |a 541.2242 | ||
| 082 | |b T103 | ||
| 245 | 0 | |a Tài liệu tham khảo phức chất : | |
| 245 | 0 | |b (Tiếng Anh) | |
| 260 | |a Cần Thơ | ||
| 260 | |b Đại học Cần Thơ | ||
| 260 | |c 2008 | ||
| 520 | |a A complex is a compound consisting of a central metral ion to which a number of molecules or ions, the so called ligands, are bound,... | ||
| 650 | |a Coordination compounds,Phối hợp chất | ||
| 904 | |i Thuỳ, Năm | ||
| 980 | |a Trung tâm Học liệu Trường Đại học Cần Thơ | ||